History by letter-G - Statistics

General Stats
  • This quiz has been taken 55 times
    34 since last reset
  • The average score is 15 of 20
Answer Stats
Clues Answer % Correct
8) Deutschland in its native language Germany
97%
1) Massive wall built inAncient China to defend against invasions Great Wall of China
94%
7) This country was the birthplace of modern Democracy Greece
94%
5) Holiest river in all of India Ganges
91%
15) Italian astronomer often called the fatherof modern astronomy Galileo
88%
14) Most famous leader in Indias revolution forpeace Gandhi
88%
13) Name given by the Romans describingFrance and much of Western Europe Gaul
88%
11) English novelist famous for his totalitarianismbooks, such as 1984 and Animal Farm George Orwell
88%
10) According to the Bible, shepherd Daviddefeated this massive Philistine champion Goliath
88%
18) Union general and later president, Ulysses _____ Grant
88%
6) Aka Temujin, the ruthless leader of the powerful Mongol empire Genghis Khan
85%
9) Americas first president and commanderof the Army during the Revolution George Washington
85%
12) Most consider this the bloodiest battle of the Civil War Gettysburg
85%
17) Famous red suspension bridge connecting San Francisco to Marin county, CA Golden Gate Bridge
85%
3) Severe financial epidemic after the crashof the 1929 stock market Great Depression
82%
20) Historical name for the current Republican partyin the US, aka GOP Grand Old Party
55%
16) 20th president of the US Garfield
45%
2) Bosnian-Serb who assassinated ArchdukeFerdinand of Austria-Hungary Gavrilo Princip
30%
19) This battle in the Solomon Islands marked the firstmajor Allied land offensive against Japan Guadalcanal
30%
4) Empire that ruled India from the 4th to 6thcenturies AD Gupta
21%
No matching quizzes found
Score Distribution
Percent of People with Each Score
Percentile by Number Answered
Your Score History
You have not taken this quiz since the last reset